000 00523nam a22001937a 4500
003 OSt
005 20140310182211.0
008 130906t xxu||||| |||| 00| 0 eng d
020 _a0670872067
050 _aPZ 7
_b.D131 1996
082 _aHS 305.23
_bD137 1996
100 _aDahl, Lucy
_95316
245 _aMatilda's movie adventures /
_cLucy Dahl
260 _aNew York :
_bViking,
_cc1996.
300 _bcol. ill. ;
_c22 cm.
650 _aMotion pictures and children
_916793
942 _2lcc
_cHS
999 _c10483
_d10483